| 000 | 01080nam a2200313 a 4500 | ||
|---|---|---|---|
| 003 | CO-ViMGA | ||
| 005 | 20240805165310.0 | ||
| 007 | ta | ||
| 008 | 141112s1997 mx a r 000 u spa d | ||
| 020 | _a9789681653996 | ||
| 040 |
_aCO-ViMGA _bspa _cCO-ViMGA _drda |
||
| 041 | 1 |
_aspa _hfr |
|
| 084 | _aC MUR2 | ||
| 100 | 1 |
_aMurail, Marie - Aude _d1954 - _eauotra _91970 |
|
| 245 | 1 | 0 |
_aSui mangá / _cMarie - Aude Murail, Elvire Murail; ilustraciones, Andrés Sánchez de Tagle; traducción, Rafael Segovia Albán |
| 250 | _aPrimera edición | ||
| 264 | 1 |
_aMéxico _bFondo de Cultura Económica _c1997 |
|
| 264 | 4 | _c©1997 | |
| 300 |
_a54 páginas _bilustraciones en blanco y negro _c19 x 15cm |
||
| 490 | _aA la orilla del viento | ||
| 500 | _aCatalogación en la fuente | ||
| 650 | 1 | 4 |
_aCuentos infantiles franceses _2LEMB _97840 |
| 650 | 1 | 4 |
_acuentos infantiles _2LEMB _92743 |
| 650 | 1 | 4 |
_aelefantes _2LEMB _942021 |
| 650 | 1 | 4 |
_aniños _2LEMB _942022 |
| 700 | 1 |
_aSánchez de Tagle, Andrés, il. _942023 |
|
| 700 | 1 |
_aSegovia Albán, Rafael, tr. _942024 |
|
| 942 |
_2ddc _cBKINF |
||
| 999 |
_c11077 _d11077 |
||